| 000 | 01199nam a22002057a 4500 | ||
|---|---|---|---|
| 005 | 20240806123313.0 | ||
| 010 | _aB-760163 CH-HN | ||
| 020 |
_c115.00 _a9789354092237 |
||
| 035 | _aB-760163 | ||
| 037 | _b उपहार | ||
| 082 | _a181.45 | ||
| 245 |
_aतिरूक्कुरलः _bतमिल गौरव-ग्रंथ/ _cजय सिंह एवं ममता रानी द्वारा संपादित |
||
| 260 |
_aनई दिल्ली _bप्रकाशन विभाग _c2021 |
||
| 270 |
_aसूचना और प्रसारण मंत्रालय, भारत सरकार, सूचना भवन, सी.जी.ओ.काँम्प्लेक्स, लोदी रोड _bनई दिल्ली _e110003 |
||
| 300 |
_a60पृ.: _c24सेमी (अजिल्द) _bसचित्र |
||
| 700 |
_aजय सिंह _969551 |
||
| 700 |
_aममता रानी _969552 |
||
| 942 |
_2ddc _cCH _h181.45 _mतिरूक्कु |
||
| 999 |
_c204866 _d204866 |
||